| 000 | 00897nam a2200253 a 4500 | ||
|---|---|---|---|
| 999 |
_c12195 _d12195 |
||
| 001 | 12195 | ||
| 003 | BD-JhCC | ||
| 005 | 20210323120430.0 | ||
| 008 | 210323b 2009bg a|||| ||a| 000 0 mul d | ||
| 020 | _a984702770022x | ||
| 035 | _a(BD-JhCC)12195 | ||
| 040 |
_aBD-JhCC _dBD-JhCC |
||
| 041 | _aeng | ||
| 082 |
_a005.72 _bRAH 2009 |
||
| 100 | _aমুহাম্মদ আশফাকুর রহমান | ||
| 245 |
_aমাস্টারিং ওয়েবসাইট _cমুহাম্মদ আশফাকুর রহমান |
||
| 260 |
_aঢাকা : _bজ্ঞানকোষ প্রকাশনী; _c২০০৯. |
||
| 300 |
_a৩৩০ পৃ. : _bচিত্রাবলী; _c২৪ সে.মি. |
||
| 650 | _aWeb site development | ||
| 650 | _aWeb sites--Design | ||
| 650 | _aWeb sites--Authoring programs | ||
| 942 |
_2ddc _cBK |
||